Prudencia y justicia en la aplicacin̤ del derecho

Detalles Bibliográficos
Autor principal: Quintana Bravo, Fernando
Formato: Desconocido
Lenguaje:español
Publicado: Santiago [de Chile] : Jurd̕ica de las Americas, 2009
Materias:
Acceso en línea:Acceso restringido

MARC

LEADER 00000ny a22000003n 4500
005 20110621121310.0
008 100324s2009 cl fs 000 0 spa c
020 |a 9786077877011 
035 |a 4724 
040 |a SpMaUCDE  |d vlex 
080 |a 17.025.13 
080 |a 340.114 
080 |a 340.12 
090 |c 1283  |d 1283 
100 1 |a Quintana Bravo, Fernando 
245 1 0 |a Prudencia y justicia en la aplicacin̤ del derecho  |h [Recurso electrn̤ico]  |c Fernando Quintana Bravo 
256 |a Servicio en ln̕ea 
260 |a Santiago [de Chile] :  |b Jurd̕ica de las Americas,  |c 2009 
506 1 |a Contenido solo disponible en los productos indicados  |d vLex Global  |d vLex Global (Academic Edition, excluding Law Schools)  |d vLex Global (U.S. Academic Edition, Law Schools)  |d vLex Global (U.S. Academic Edition, excluding Law Schools)  |d vLex Global (Academic Edition, Law Schools) 
650 0 4 |a Derecho  |x Filosofa̕  |x Publicaciones perid̤icas 
650 0 4 |a Jurisprudencia  |x Publicaciones perid̤icas 
740 0 |a vLex Libros (Servicios en ln̕ea) 
856 4 0 |u http://vlex.com/source/4724  |z Acceso restringido 
942 |c BOOK 
999 0 4 |a Derecho- 
999 0 4 |a Justicia 
999 0 4 |a Ética legal 
999 0 4 |a Legal ethics